Klassiker der Naturphilosophie : (Record no. 130998)
[ view plain ]
| 000 -LEADER | |
|---|---|
| fixed length control field | 00864nam a2200253 a 4500 |
| 001 - CONTROL NUMBER | |
| control field | 3892825 |
| 003 - CONTROL NUMBER IDENTIFIER | |
| control field | ARRUPE |
| 005 - DATE AND TIME OF LATEST TRANSACTION | |
| control field | 20211027111256.0 |
| 008 - FIXED-LENGTH DATA ELEMENTS--GENERAL INFORMATION | |
| fixed length control field | 900217s1989 gw c b 001 0 ger |
| 010 ## - LIBRARY OF CONGRESS CONTROL NUMBER | |
| LC control number | 90120000 |
| 020 ## - INTERNATIONAL STANDARD BOOK NUMBER | |
| International Standard Book Number | 3406336132 |
| 040 ## - CATALOGING SOURCE | |
| Original cataloging agency | DLC |
| Transcribing agency | DLC |
| 050 00 - LIBRARY OF CONGRESS CALL NUMBER | |
| Classification number | BD581 |
| Item number | .K487 1989 |
| 082 00 - DEWEY DECIMAL CLASSIFICATION NUMBER | |
| Classification number | 113/.09 |
| Edition number | 20 |
| 300 ## - PHYSICAL DESCRIPTION | |
| Other physical details | ports. ; |
| Dimensions | 23 cm. |
| 245 00 - TITLE STATEMENT | |
| Title | Klassiker der Naturphilosophie : |
| Remainder of title | von den Vorsokratikern bis zur Kopenhagener Schule / |
| Statement of responsibility, etc | herausgegeben von Gernot Böhme. |
| 260 ## - PUBLICATION, DISTRIBUTION, ETC. (IMPRINT) | |
| Place of publication, distribution, etc | München : |
| Name of publisher, distributor, etc | Beck, |
| Date of publication, distribution, etc | c1989. |
| 300 ## - PHYSICAL DESCRIPTION | |
| Extent | 458 p. : |
| 504 ## - BIBLIOGRAPHY, ETC. NOTE | |
| Bibliography, etc | Includes bibliographical references (p. [395]-438) and indexes. |
| 650 #0 - SUBJECT ADDED ENTRY--TOPICAL TERM | |
| Topical term or geographic name as entry element | Philosophy of nature |
| General subdivision | History. |
| 9 (RLIN) | 22360 |
| 700 1# - ADDED ENTRY--PERSONAL NAME | |
| Personal name | Böhme, Gernot. |
| 9 (RLIN) | 50723 |
| 906 ## - LOCAL DATA ELEMENT F, LDF (RLIN) | |
| a | 7 |
| b | cbc |
| c | orignew |
| d | 3 |
| e | ncip |
| f | 19 |
| g | y-gencatlg |
| 942 ## - ADDED ENTRY ELEMENTS (KOHA) | |
| Source of classification or shelving scheme | Library of Congress Classification |
| Koha item type | Monograph ( Printed materials) |
| Withdrawn status | Lost status | Source of classification or shelving scheme | Damaged status | Not for loan | Collection code | Home library | Current library | Shelving location | Date acquired | Total Checkouts | Full call number | Barcode | Date last seen | Price effective from | Koha item type |
|---|---|---|---|---|---|---|---|---|---|---|---|---|---|---|---|
| Library of Congress Classification | Main Collection | ARRUPE LIBRARY | ARRUPE LIBRARY | Main Collection | 27/10/2021 | BD581 .K487 1989 | 46600006967 | 27/10/2021 | 27/10/2021 | Monograph ( Printed materials) |